UM Logo
Normal view MARC view
  • Smaroff, Duke G.

Entry Personal Name

Number of records used in: 1

001 - CONTROL NUMBER

  • control field: 45581

003 - CONTROL NUMBER IDENTIFIER

  • control field: OSt

005 - DATE AND TIME OF LATEST TRANSACTION

  • control field: 20220609153813.0

008 - FIXED-LENGTH DATA ELEMENTS

  • fixed length control field: 220609|| aca||aabn | a|a d

040 ## - CATALOGING SOURCE

  • Original cataloging agency: OSt
  • Transcribing agency: OSt

100 ## - HEADING--PERSONAL NAME

  • Personal name: Smaroff, Duke G.

670 ## - SOURCE DATA FOUND

  • Source citation: Work cat.: (OSt): Smaroff, Duke G., E-discovery process and electronically stored information (ESI) strategies:, 2011.